| 000 | 00354nam a2200145Ia 4500 | ||
|---|---|---|---|
| 008 | 200103s9999||||xx |||||||||||||| ||und|| | ||
| 020 | _a8120303873 | ||
| 040 | _aIMU-MPC | ||
| 082 | _aColumn-18 | ||
| 100 | _aRajaraman, V. | ||
| 245 | 0 | _aFundamental of Computers | |
| 260 |
_bPrentice-Hall of India, New Delhi _c1994 |
||
| 300 | _axii, 288 | ||
| 942 | _cBK | ||
| 999 |
_c6347 _d6347 |
||